2021 NBA Kia MVP Ladder - Statistics

General Stats
  • This quiz has been taken 178 times
    101 since last reset
  • The average score is 7 of 10
Answer Stats
Rank Answer % Correct
#1 Nikola Jokic
98%
#2 Joel Embiid
96%
#4 Stephen Curry
96%
#3 Giannis Antetokounmpo
87%
#5 Chris Paul
75%
#7 Luka Doncic
75%
#6 Damian Lillard
64%
#10 Russell Westbrook
52%
#9 Julius Randle
41%
#8 Rudy Gobert
41%
No matching quizzes found
Score Distribution
Percent of People with Each Score
Percentile by Number Answered
Your Score History
You have not taken this quiz since the last reset